|
|
|
|
| LEADER |
00618nta a2200181 i 4500 |
| 001 |
dipl143579 |
| 005 |
20250314102429.0 |
| 008 |
241206s2008 hu om 000 hun d |
| 040 |
|
|
|a SZTE Diploma Repozitórium
|b hun
|
| 041 |
|
|
|a hun
|
| 100 |
1 |
|
|a Ködmön András
|
| 245 |
1 |
2 |
|a A Kecskeméti Népbíróság egyházi személyek elleni perei
|h [elektronikus dokumentum] /
|c András Ködmön
|
| 260 |
|
|
|c 2008
|
| 650 |
|
4 |
|a Bölcsészettudományok
|
| 650 |
|
4 |
|a Humanities
|
| 650 |
|
4 |
|a History
|
| 700 |
0 |
1 |
|a Miklós Péter
|e ths
|
| 856 |
4 |
0 |
|u https://diploma.bibl.u-szeged.hu/id/eprint/143579/1/2008_kodmon_andras.pdf
|z Dokumentum-elérés
|